| 000 | 01422 a2200229 4500 | ||
|---|---|---|---|
| 001 | 44000 | ||
| 005 | 20260407155720.0 | ||
| 008 | 260407a2015 arg spa d | ||
| 003 | AR-UNSa-BCEJYS | ||
| 040 |
_aAR-UNSa-BCEJYS _bspa _cAR-UNSa-BCEJYS |
||
| 080 |
_a303.4 _xTipos de investigación. estrategias de investigación. diseño de la investigación social |
||
| 245 | 1 | 0 |
_aLa evaluación cualitativa. Una oportunidad de aprendizaje social _pPerspectivas metodológicas. Aplicaciones en programas y proyectos sociales y educativos |
| 020 | _a978-987-538-420-0 | ||
| 264 | 1 |
_aBuenos Aires : _bNoveduc _c2015 |
|
| 300 |
_a128 p. _c28 cm. |
||
| 505 | _aCapítulo 1: Luces y sombras de la evaluación. La evaluación cualitativa de programas y proyectos socioeducativos/ Graciela Cardarelli - Capítulo 2: Algunas reflexiones sobre las estrategias evaluativas para programas gestionados desde el Estado/ Josette Brawerman, Liliana Raggio y Violeta Ruiz - Capítulo 3: Evaluación diagnóstica sobre servicios de salud de una organización no gubernamental para sus asociadas/ Olga Nirenberg - Capítulo 4: La evaluación del proceso del proceso de gestión de un proyecto social/ Mario C. Robirosa | ||
| 041 | _aspa | ||
| 942 | _cBK | ||
| 590 | _aniveau_biblio:m niveau_hierar:0 | ||
| 100 | 1 | _aCardarelli, Graciela | |
| 856 | 4 | 1 |
_uhttps://biblioeco.unsa.edu.ar/pmb/images/libros/L126874.jpg _yImagen de portada _qimage/jpeg |
| 999 |
_c3769 _d3769 |
||